Kluby piłkarskie z top 5 lig 24/25 - Statystyki

Ogólne statystyki
  • Ten quiz został rozwiązany 259 razy
    144 od ostatniego zresetowania
  • Średni wynik to 33 z 96
Statystyki odpowiedzi
Klub % Poprawnych
Manchester City
92%
Liverpool
89%
Manchester United
89%
Arsenal
86%
Real Madryt
82%
FC Barcelona
79%
Chelsea
78%
Tottenham Hotspur
76%
Inter Mediolan
68%
AC Milan
66%
Aston Villa
66%
Bayern Monachium
66%
Juventus
66%
Atlético Madryt
65%
Napoli
64%
Paris Saint-Germain
64%
Borussia Dortmund
63%
West Ham United
56%
Sevilla
54%
Newcastle United
52%
Real Betis
52%
Bayer Leverkusen
50%
Villarreal
50%
Valencia
49%
Everton
48%
AS Roma
47%
Real Sociedad
46%
Athletic Club
45%
Crystal Palace
44%
Brighton & Hove Albion
43%
Olympique Lyon
43%
Wolverhampton Wanderers
43%
AS Monaco
40%
Atalanta
40%
Southampton
39%
Brentford
38%
Girona
37%
Fulham
36%
Rayo Vallecano
36%
Bournemouth
35%
Olympique Marsylia
35%
Mallorca
34%
Fiorentina
33%
Nottingham Forest
33%
Como
32%
RB Lipsk
32%
Getafe
31%
Lens
31%
S.S. Lazio
31%
Espanyol
29%
Torino
29%
Leicester City
28%
Celta Vigo
26%
Bologna
24%
Osasuna
23%
Eintracht Frankfurt
22%
Nice
22%
Parma
21%
Union Berlin
21%
Deportivo Alavés
20%
Hellas Werona
20%
Ipswich Town
19%
VfB Stuttgart
19%
Wolfsburg
19%
Borussia Mönchengladbach
18%
Stade Rennais
17%
Freiburg
16%
Genoa
15%
Mainz
15%
Real Valladolid
15%
Udinese
15%
Las Palmas
14%
Stade Brestois 29
14%
Venezia
14%
Cagliari
13%
Hoffenheim
13%
Lecce
12%
Nantes
11%
Augsburg
10%
Empoli
10%
LOSC Lille
10%
Montpellier
10%
Monza
10%
Stade de Reims
10%
Werder Brema
10%
RC Strasbourg
9%
Toulouse
9%
Bochum
8%
St. Pauli
8%
AS Saint-Étienne
6%
Leganés
6%
Auxerre
5%
Heidenheim
5%
Angers
4%
Le Havre
4%
Holstein Kiel
1%
Nie znaleziono quizów pasujących do podanych kryteriów
Rozkład punktacji
Procent ludzi z każdym wynikiem
Percentyl według liczby udzielonych odpowiedzi
Twoja historia wyników
Nie rozwiązałeś tego quizu od ostatniego zresetowania